Being Afrikan : rediscovering the traditional unhu-ubuntu-botho pathways of being human (Record no. 218217)

MARC details
000 -LEADER
fixed length control field 00337nam a2200097Ia 4500
082 ## - DEWEY DECIMAL CLASSIFICATION NUMBER
Classification number 170.96 RUKU
008 - FIXED-LENGTH DATA ELEMENTS--GENERAL INFORMATION
fixed length control field 210817s9999 xx 000 0 und d
100 ## - MAIN ENTRY--PERSONAL NAME
Personal name Rukuni, Mandivamba Arcadia, South Africa, 2007
9 (RLIN) 67649
245 #0 - TITLE STATEMENT
Title Being Afrikan : rediscovering the traditional unhu-ubuntu-botho pathways of being human
942 ## - ADDED ENTRY ELEMENTS
item type Books
Holdings
Withdrawn status Lost status Damaged status Not for loan Home library Current library Date acquired Cost, normal purchase price Total Checkouts Barcode Date last seen Price effective from item type
        Thistle Grove Thistle Grove 18.08.2021 49.00   33228022252173 18.08.2021 18.08.2021 Books